Statystyki dla Dopasuj języki do flag

Kliknij tutaj aby rozwiązać quiz!

Ogólne statystyki

  • Ten quiz został rozwiązany 695 razy
  • Średni wynik to 14 z 18

Statystyki odpowiedzi

Answer% Poprawnych
Japoński
100%
Angielski
99%
Włoski
97%
Francuski
97%
Portugalski
95%
Szwedzki
94%
Niemiecki
92%
Rosyjski
89%
Turecki
88%
Koreański
85%
Hiszpański
83%
Wietnamski
70%
Arabski
67%
Hebrajski
64%
Tajski
51%
Perski
46%
Malajski
31%
Bengalski
31%

Rozkład punktacji

Percentyl według liczby udzielonych odpowiedzi

Procent ludzi z każdym wynikiem

Twoja historia wyników

Nie rozwiązałeś tego quizu